000 00953nam a2200265Ia 4500
999 _c37191
_d37191
003 GCL
005 20240530103142.0
008 140319s1991 ua b 000 0 ara d
040 _aGCL /
_cGCL
082 0 4 _a953/
_bع ش
100 0 _aعبدالعزيز سليمان نوار
245 1 2 _aالشعوب الاسلامية :
_bالاتراك العثمانيون, الفرس, مسلمو الهند /
_cعبدالعزيز سليمان نوار
260 _aالقاهرة :
_bدار النهضة العربية للطباعة والنشر ،
_c1991
300 _a597 ص. :
_bخرائط ؛
_c24 سم.
650 0 4 _aالفتوحات الاسلامية
650 0 4 _aالتاريخ الاسلامى
650 0 4 _aالعرب
650 0 4 _aالعثمانيون
650 0 4 _aالهند
650 0 4 _aالعرب والفرس
650 0 4 _aالمغول
650 0 4 _aالمسلمون فى الهند
650 0 4 _aالترك
942 _2ddc
_cBK